[Event "AUTO-MASTER-1633"]
[Site "http://www.queenalice.com/game.php?id=1050710"]
[Date "2012.4.20"]
[Round "1"]
[White "lightwhitelight"]
[Black "crawfb5"]
[Result "1/2-1/2"]
[WhiteElo "2116"]
[BlackElo "2261"]

1. e4 e6 2. d4 d5 3. Bd3 dxe4 4. Bxe4 c5 5. Ne2 Nf6 6. Bf3 Nc6 7. Be3 Nd5 8.
Bxd5 Qxd5 9. Nf4 Qd7 10. c3 cxd4 11. cxd4 Bb4+ 12. Nc3 O-O 13. O-O b6 14. Qd3
Ne7 15. Ne4 Ng6 16. Nh5 Be7 17. Rfd1 Bb7 18. Rac1 Rac8 19. Rxc8 Rxc8 20. f3 Qd5
21. Nf4 Nxf4 22. Bxf4 Qxa2 23. Nd6 Bxd6 24. Bxd6 Qxb2 25. Rd2 Qc1+ 26. Kf2 a5
27. Ba3 Qc6 28. Rb2 Ba8 29. Qd2 Rd8 30. Rc2 Qd7 31. Bb2 Bd5 32. Qf4 b5 33. Rc7
Qe8 34. Ra7 Ra8 35. Qc7 Rxa7 36. Qxa7 Qd8 37. Bc1 h6 38. Bf4 Qa8 39. Qxa8+ Bxa8
40. Bc7 a4 41. Bd6 f6 42. f4 Kf7 43. g3 Ke8 44. Ke3 1/2-1/2

[Event "AUTO-MASTER-1633"]
[Site "http://www.queenalice.com/game.php?id=1050711"]
[Date "2012.4.20"]
[Round "1"]
[White "crawfb5"]
[Black "lightwhitelight"]
[Result "1-0"]
[WhiteElo "2252"]
[BlackElo "2143"]

1. e4 e5 2. Nf3 Nc6 3. Bb5 a6 4. Ba4 Nf6 5. O-O Be7 6. Re1 b5 7. Bb3 d6 8. c3
Na5 9. Bc2 c5 10. d4 Bg4 11. dxe5 Bxf3 12. Qxf3 dxe5 13. Nd2 O-O 14. Nf1 Qc7 15.
Ne3 Rfd8 16. Nf5 Bf8 17. Bg5 Qc6 18. Qg3 Nc4 19. Nh6+ Kh8 20. Nxf7+ Kg8 21. Nxd8
Rxd8 22. Bb3 Re8 23. Qd3 Qe6 24. a4 h6 25. Bxf6 Qxf6 26. axb5 axb5 27. Bxc4+
bxc4 28. Qxc4+ Kh7 29. Ra6 Bd6 30. Rd1 Re6 31. Qd5 1-0

[Event "AUTO-MASTER-1633"]
[Site "http://www.queenalice.com/game.php?id=1050724"]
[Date "2012.4.20"]
[Round "1"]
[White "crawfb5"]
[Black "leclair"]
[Result "1-0"]
[WhiteElo "2246"]
[BlackElo "2062"]

1. e4 c5 2. Nf3 d6 3. d4 cxd4 4. Nxd4 Nf6 5. Nc3 g6 6. Be3 Bg7 7. f3 Nc6 8. Qd2
O-O 9. O-O-O d5 10. exd5 Nxd5 11. Nxc6 bxc6 12. Bd4 e5 13. Bc5 Be6 14. Ne4 Rb8
15. Bc4 f5 16. Ng5 e4 17. Bb3 Bh6 18. h4 Re8 19. Bxa7 Ra8 20. Be3 Nxe3 21. Bxe6+
1-0

[Event "AUTO-MASTER-1633"]
[Site "http://www.queenalice.com/game.php?id=1050725"]
[Date "2012.4.20"]
[Round "1"]
[White "leclair"]
[Black "crawfb5"]
[Result "1-0"]
[WhiteElo "1977"]
[BlackElo "2261"]

1. d4 d5 2. c4 c6 3. cxd5 cxd5 4. Nc3 Nf6 5. Nf3 Nc6 6. Bg5 Ne4 7. e3 Nxg5 8.
Nxg5 e6 9. f4 Be7 10. Nf3 a6 11. a3 O-O 12. Bd3 Bh4+ 13. g3 Be7 14. h4 f5 15.
Rc1 Bd7 16. O-O Rc8 17. Kh1 Be8 18. Rg1 Bh5 19. Qf1 Bg4 20. Nh2 h5 21. Nxg4 fxg4
22. Bb1 Rf6 23. Qd3 Rh6 24. Nd1 Na5 25. Nf2 Nc4 26. Qe2 Nd6 27. Nd3 Rxc1 28.
Rxc1 Nf5 29. Kg2 Rf6 30. Ne5 Rf8 31. Bxf5 Rxf5 32. Ng6 Bd6 33. e4 dxe4 34. Qxe4
Qe8 35. Ne5 Bxe5 36. dxe5 Qd7 37. Qc2 Rf8 38. Rd1 Qe7 39. Rd6 Rd8 40. Qc5 Kf7
41. Qb6 Rxd6 42. exd6 Qd7 43. Qc7 Ke8 44. Qb8+ Kf7 45. Kf2 Qb5 46. Qc7+ Kg6 47.
d7 Qxb2+ 48. Ke3 Qb3+ 49. Kd2 Qd5+ 50. Kc1 1-0

[Event "AUTO-MASTER-1633"]
[Site "http://www.queenalice.com/game.php?id=1050726"]
[Date "2012.4.20"]
[Round "1"]
[White "crawfb5"]
[Black "Flamengo_Brasil"]
[Result "1/2-1/2"]
[WhiteElo "2265"]
[BlackElo "2145"]

1. e4 c5 2. Nf3 Nc6 3. d4 cxd4 4. Nxd4 g6 5. Nc3 Bg7 6. Be3 Nf6 7. Bc4 O-O 8.
Bb3 b6 9. f3 Ba6 10. Qd2 Nxd4 11. Bxd4 e5 12. Be3 Qc7 13. O-O-O Rad8 14. Bh6
Rfe8 15. Bxg7 Kxg7 16. h4 Bc4 17. Bxc4 Qxc4 18. g4 b5 19. h5 b4 20. Nb1 Rc8 21.
hxg6 fxg6 22. g5 Ng8 23. Qh2 Re7 24. Qxh7+ Kf8 25. Qh2 Qxa2 26. f4 exf4 27.
Qxf4+ Qf7 28. Qd2 Qc4 29. Rhf1+ Kg7 30. Qd4+ Qxd4 31. Rxd4 a5 32. Nd2 Rc5 33.
Rg1 Rce5 34. Nc4 Rxe4 35. Rxe4 Rxe4 36. Nxa5 Re5 37. Nb3 Ne7 38. Kd2 Nc6 39. Kd3
Rf5 40. Rg2 Ne5+ 41. Kd4 Kf7 42. Kc5 Nd3+ 43. Kc4 Nxb2+ 44. Kxb4 Rf4+ 45. Kc5
Ke7 46. Nd4 Na4+ 47. Kc4 Kd6 48. c3 Nb6+ 49. Kd3 Na4 50. Kc4 Nb6+ 51. Kd3 Na4
52. Kc4 1/2-1/2

[Event "AUTO-MASTER-1633"]
[Site "http://www.queenalice.com/game.php?id=1050727"]
[Date "2012.4.20"]
[Round "1"]
[White "Flamengo_Brasil"]
[Black "crawfb5"]
[Result "0-1"]
[WhiteElo "2135"]
[BlackElo "2257"]

1. d4 d5 2. c4 c6 3. Nf3 Nf6 4. Nc3 dxc4 5. a4 Bf5 6. e3 e6 7. Bxc4 Bb4 8. O-O
Nbd7 9. Nh4 Bg6 10. Qb3 a5 11. Nxg6 hxg6 12. Bd2 Nd5 13. e4 Qh4 14. h3 Nf4 15.
Bxf4 Qxf4 16. Bd3 O-O-O 17. Ne2 Qg5 18. Kh1 Qe7 19. Rac1 Nf6 20. Rc2 g5 21. Kg1
g4 22. e5 Nd5 23. Be4 gxh3 24. gxh3 Qh4 25. Bg2 Nf4 26. Qf3 Nxh3+ 27. Bxh3 Qxh3
28. Rxc6+ Kb8 29. Qxh3 Rxh3 30. Rc2 Rdh8 31. Rfc1 Rh1+ 32. Kg2 Rxc1 33. Nxc1 Rc8
34. Rxc8+ Kxc8 35. Nd3 Be7 36. Kf3 Kd7 37. Ke4 Kc6 38. Nf4 b5 39. b3 bxa4 40.
bxa4 Bg5 41. d5+ exd5+ 42. Nxd5 Kc5 43. f4 Bd8 44. f5 Bh4 45. Nc7 Kb4 46. Ne8
Kxa4 47. Nxg7 Kb3 48. e6 fxe6 49. Nxe6 Kc4 50. Nd4 a4 51. Nc2 Be7 52. Ke5 Kd3
53. Nd4 a3 54. Kd5 a2 55. Nb3 Kc3 56. Na1 Kb2 0-1

[Event "Challenge"]
[Site "http://www.queenalice.com/game.php?id=1065012"]
[Date "2012.5.28"]
[Round "-"]
[White "i3stitches"]
[Black "crawfb5"]
[Result "1/2-1/2"]
[WhiteElo "1818"]
[BlackElo "2265"]

1. d4 d5 2. c4 c6 3. Nc3 dxc4 4. e4 b5 5. a4 b4 6. Na2 Nf6 7. e5 Nd5 8. Bxc4 e6
9. Nf3 a5 10. Bg5 Qb6 11. O-O Ba6 12. Qe2 Nd7 13. Nc1 h6 14. Be3 Bxc4 15. Qxc4
Be7 16. Nd3 Rc8 17. Rac1 1/2-1/2

[Event "Challenge"]
[Site "http://www.queenalice.com/game.php?id=1098336"]
[Date "2012.8.31"]
[Round "-"]
[White "crawfb5"]
[Black "i3stitches"]
[Result "1/2-1/2"]
[WhiteElo "2240"]
[BlackElo "2069"]

1. e4 c5 2. Nf3 d6 3. d4 cxd4 4. Nxd4 Nf6 5. Nc3 a6 6. Bg5 e6 7. f4 Be7 8. Qf3
Qc7 9. O-O-O Nbd7 10. g4 b5 11. Bxf6 Nxf6 12. g5 Nd7 13. f5 O-O 14. Rg1 b4 15.
Nce2 e5 16. f6 exd4 17. fxe7 Re8 18. Nxd4 Ne5 19. Qf4 Rxe7 20. Nf5 Bxf5 21. exf5
Rc8 22. Rg2 a5 23. h4 d5 24. Qd4 Nf3 25. Qxd5 Nxh4 26. Rgd2 Qf4 27. Kb1 Qxf5 28.
Qh1 Qxg5 29. Rh2 Ng6 30. Rxh7 Qd2 31. Bd3 Qxd1+ 32. Qxd1 Kxh7 33. Qh5+ Kg8 34.
b3 Re5 35. Qg4 Rec5 36. Bxg6 fxg6 37. Qe6+ Kh7 38. Qh3+ Kg8 39. Qe6+ Kf8 40.
Qd6+ Kf7 41. Qd7+ Kf6 42. Qd6+ Kg5 43. Qg3+ Kf5 44. Qd3+ Kf6 45. Qd6+ Kf5 46.
Qd3+ Kf6 47. Qd6+ 1/2-1/2

[Event "Challenge"]
[Site "http://www.queenalice.com/game.php?id=1111005"]
[Date "2012.10.9"]
[Round "-"]
[White "i3stitches"]
[Black "crawfb5"]
[Result "0-1"]
[WhiteElo "2050"]
[BlackElo "2237"]

1. d4 Nf6 2. c4 g6 3. Nc3 d5 4. cxd5 Nxd5 5. e4 Nxc3 6. bxc3 Bg7 7. Be3 c5 8.
Bc4 Qa5 9. Qd2 O-O 10. Ne2 Rd8 11. Rd1 Nc6 12. O-O b5 13. Bd5 Bb7 14. Qb2 e6 15.
Bxc6 Bxc6 16. f3 b4 17. cxb4 cxb4 18. Nc1 Qb5 19. Nb3 a5 20. Rc1 a4 21. Nc5 Be8
22. Rfd1 Rac8 23. Qf2 Rb8 24. Qf1 Qxf1+ 25. Kxf1 Rdc8 26. Rb1 b3 27. axb3 axb3
28. Rxb3 Rxb3 0-1

[Event "Challenge"]
[Site "http://www.queenalice.com/game.php?id=1111931"]
[Date "2012.10.13"]
[Round "-"]
[White "jdimas"]
[Black "crawfb5"]
[Result "0-1"]
[WhiteElo "1210"]
[BlackElo "2235"]

1. e3 d5 2. d4 Nf6 3. c4 c6 4. c5 Bf5 5. Nc3 Nbd7 6. h3 b6 7. g4 Bg6 8. f4 e6 9.
cxb6 axb6 10. g5 Ne4 11. Nxe4 Bxe4 12. Nf3 Bb4+ 13. Bd2 Bxd2+ 14. Kxd2 Qe7 15.
a3 O-O 16. h4 c5 17. Rg1 c4 18. h5 b5 19. h6 g6 20. b3 Rxa3 21. Rxa3 Qxa3 22.
Ne5 Nxe5 23. dxe5 Qb2+ 24. Ke1 c3 25. Bd3 Bxd3 26. Qxd3 c2 27. Ke2 c1=Q+ 28. Kf3
Qxg1 29. Qe2 Qh1+ 30. Kf2 Qh2+ 31. Kf3 Qbxe2# 0-1

[Event "Challenge"]
[Site "http://www.queenalice.com/game.php?id=1111947"]
[Date "2012.10.13"]
[Round "-"]
[White "jdimas"]
[Black "crawfb5"]
[Result "0-1"]
[WhiteElo "1613"]
[BlackElo "2236"]

1. e4 e6 2. d4 d5 3. e5 c5 4. c3 Nc6 5. f4 cxd4 6. cxd4 Qb6 7. Ne2 Nge7 8. b3
Nf5 9. Bb2 Bb4+ 10. Kf2 Bd7 11. h4 h5 12. g3 Be7 13. Bh3 Nh6 14. Nbc3 f6 15. Rf1
fxe5 16. Na4 Qd8 17. fxe5 b6 18. Qc2 O-O+ 19. Nf4 Bxh4 20. Kg2 Qg5 21. Ne2 Bxg3
22. Nxg3 h4 23. Rxf8+ Rxf8 24. Qd3 hxg3 25. Qxg3 Qd2+ 26. Kh1 Nxd4 27. Rg1 Ndf5
28. Bxf5 Nxf5 29. Qg6 Qh6+ 30. Qxh6 Nxh6 31. Nc3 Rf2 32. Bc1 Nf5 33. a4 d4 34.
Ne4 Bc6 35. Re1 Bxe4+ 36. Kg1 Rg2+ 37. Kf1 Ng3# 0-1

[Event "Challenge"]
[Site "http://www.queenalice.com/game.php?id=1126329"]
[Date "2012.11.27"]
[Round "-"]
[White "TMG"]
[Black "crawfb5"]
[Result "1-0"]
[WhiteElo "2179"]
[BlackElo "2255"]

1. e4 e6 2. d4 d5 3. Nd2 Be7 4. Bd3 c5 5. dxc5 Bxc5 6. Ngf3 Nf6 7. O-O Nc6 8.
exd5 Nxd5 9. Ne4 Be7 10. a3 Qc7 11. c4 Nf4 12. Bxf4 Qxf4 13. c5 O-O 14. Qc2 h6
15. Rad1 Ne5 16. Nxe5 Qxe5 17. Rfe1 Qc7 18. Nd6 Rd8 19. Nb5 Qc6 20. Bh7+ Kf8 21.
Rxd8+ Bxd8 22. Nd6 Be7 23. Be4 Qc7 24. Rd1 Rb8 25. b4 Bxd6 26. Rxd6 Bd7 27. Qd3
Be8 28. Bf3 a5 29. Qh7 axb4 30. axb4 Rd8 31. Rxd8 Qxd8 32. Qh8+ Ke7 33. Qxg7 Qd2
34. Qa1 Qxb4 35. Qc1 Bc6 36. Bxc6 bxc6 37. g3 Qd4 38. h4 Qd5 39. Qxh6 Qxc5 40.
Qf4 Qd5 41. g4 c5 42. h5 c4 43. h6 Qd3 44. Qg5+ Kd7 45. Qg7 c3 46. Qxf7+ Kd6 47.
h7 c2 48. Qf4+ e5 49. Qh6+ Kd7 50. h8=Q Qd1+ 51. Kh2 c1=Q 52. Q8g7+ Kc8 53. Qa6+
1-0

[Event "AUTO-MASTER-1633"]
[Site "http://www.queenalice.com/game.php?id=1160093"]
[Date "2013.3.11"]
[Round "2"]
[White "vincentlennon"]
[Black "crawfb5"]
[Result "0-1"]
[WhiteElo "1969"]
[BlackElo "2241"]

1. e4 e6 2. f4 d5 3. exd5 exd5 4. Nf3 Nf6 5. d4 Bd6 6. Bd3 O-O 7. O-O c5 8. c3
Nc6 9. Ne5 Qb6 10. Nxc6 bxc6 11. dxc5 Bxc5+ 12. Kh1 Re8 13. h3 Ne4 14. Qf3 Nf2+
15. Kh2 Nxd3 16. Qxd3 Ba6 17. Qd1 Bxf1 18. Qxf1 Be3 19. b4 Bxc1 20. Qxc1 Re2 21.
Qf1 Rae8 22. a4 Re1 23. a5 Qe3 24. Qf3 Qg1+ 0-1

[Event "AUTO-MASTER-1633"]
[Site "http://www.queenalice.com/game.php?id=1160094"]
[Date "2013.3.11"]
[Round "2"]
[White "crawfb5"]
[Black "vincentlennon"]
[Result "1-0"]
[WhiteElo "2264"]
[BlackElo "1965"]

1. e4 e6 2. d4 d5 3. Nc3 Nf6 4. e5 Nfd7 5. f4 a6 6. Nf3 c5 7. Ne2 Qb6 8. c3 cxd4
9. cxd4 Nc6 10. Nc3 Be7 11. a3 h6 12. Be2 f5 13. O-O O-O 14. Kh1 Qd8 15. Be3 b5
16. Ne1 Nb6 17. b3 Bd7 18. Nd3 Na5 19. Nc5 Bxc5 20. dxc5 Nc8 21. b4 Nc4 22. Bxc4
bxc4 23. Nxd5 Bb5 24. Nc3 Ne7 25. a4 Bc6 26. Qxd8 Raxd8 27. Rfd1 Nd5 28. Nxd5
exd5 29. Bd4 g5 30. fxg5 hxg5 31. Rdb1 Rb8 32. Kg1 Kh7 33. Kf2 Kg6 34. a5 f4 35.
Ra3 Rh8 36. h3 Kf5 37. Bc3 g4 38. hxg4+ Kxg4 39. Raa1 Rh2 40. Rh1 Rbh8 41. Rxh2
Rxh2 42. Kg1 Rh6 43. Re1 Re6 44. Kf2 Kf5 45. g3 f3 46. Bd4 Ba4 47. Kxf3 Bc2 48.
g4+ Kg6 49. Kf4 Be4 50. Rxe4 dxe4 51. Kxe4 Kg5 52. Kd5 Re8 53. c6 Kg6 54. c7 Kf7
55. Kd6 Re6+ 56. Kd7 Re7+ 57. Kc6 Ke6 58. c8=Q+ 1-0

[Event "AUTO-MASTER-1843"]
[Site "http://www.queenalice.com/game.php?id=1164962"]
[Date "2013.3.26"]
[Round "1"]
[White "TheWatcher"]
[Black "crawfb5"]
[Result "0-1"]
[WhiteElo "2217"]
[BlackElo "2253"]

1. d4 d5 2. Nf3 c6 3. c4 Nf6 4. e3 Bf5 5. Nc3 e6 6. cxd5 exd5 7. Be2 Bd6 8. O-O
O-O 9. Ne5 Nbd7 10. g4 Bg6 11. f4 h6 12. Bf3 Bxe5 13. dxe5 Ne4 14. Bxe4 Bxe4 15.
Nxe4 dxe4 16. Qd4 Nb6 17. Qxe4 Qh4 18. Qf3 Rad8 19. e4 Rd7 20. f5 Rfd8 21. b3
Rd3 22. Be3 Rc3 23. Rad1 Rxd1 0-1

[Event "AUTO-MASTER-1843"]
[Site "http://www.queenalice.com/game.php?id=1164963"]
[Date "2013.3.26"]
[Round "1"]
[White "crawfb5"]
[Black "TheWatcher"]
[Result "0-1"]
[WhiteElo "2272"]
[BlackElo "2197"]

1. e4 e5 2. Nf3 Nc6 3. Bb5 Nf6 4. O-O Be7 5. Re1 d6 6. h3 Bd7 7. c3 O-O 8. d4 a6
9. Ba4 b5 10. Bc2 Ne8 11. Nbd2 Bf6 12. Nf1 Ne7 13. Ne3 Ng6 14. Nf5 exd4 15. cxd4
Be6 16. g4 Bxf5 17. exf5 Nh4 18. Nxh4 Bxh4 19. Bf4 d5 20. Rc1 Nd6 21. Qf3 c6 22.
Bb1 Rc8 23. Qa3 Nc4 24. Qxa6 Qd7 25. Rxc4 bxc4 26. Qa3 Rfe8 27. Rxe8+ Rxe8 28.
Qc3 Qe7 29. Be3 Bg5 0-1

[Event "AUTO-MASTER-1843"]
[Site "http://www.queenalice.com/game.php?id=1164974"]
[Date "2013.3.26"]
[Round "1"]
[White "chopinou"]
[Black "crawfb5"]
[Result "0-1"]
[WhiteElo "2091"]
[BlackElo "2245"]

1. e4 e6 2. d4 d5 3. e5 c5 4. c3 Nc6 5. Nf3 Qb6 6. Bd3 cxd4 7. cxd4 Bd7 8. O-O
Nxd4 9. Nxd4 Qxd4 10. Nc3 a6 11. a3 Ne7 12. Kh1 g6 13. f4 Bg7 14. Rf3 Qb6 15.
Na4 Qc6 16. Bc2 Rc8 17. Rc3 Qb5 18. Rxc8+ Nxc8 19. b4 O-O 20. Nc5 Qc6 21. Bb2
Qc7 22. Rc1 Bc6 23. Ba4 Ne7 24. Qe2 Rb8 25. b5 axb5 26. Bxb5 Bxb5 27. Qxb5 Nc6
28. a4 Bf8 29. Nb3 Qd8 30. a5 d4 31. a6 bxa6 32. Qa4 Rb4 33. Qxc6 Rxb3 34. Qc2
Qb6 35. Ba1 d3 36. Qc4 d2 37. Rd1 Rb1 38. Qc2 Rxd1+ 39. Qxd1 Qe3 0-1

[Event "AUTO-MASTER-1843"]
[Site "http://www.queenalice.com/game.php?id=1164975"]
[Date "2013.3.26"]
[Round "1"]
[White "crawfb5"]
[Black "chopinou"]
[Result "1-0"]
[WhiteElo "2268"]
[BlackElo "1989"]

1. e4 e6 2. d4 d5 3. Nc3 Nf6 4. e5 Nfd7 5. f4 c5 6. Nf3 Nc6 7. Be3 Be7 8. Qd2
cxd4 9. Nxd4 Nxd4 10. Bxd4 O-O 11. O-O-O Bb4 12. Bd3 f6 13. Qe2 fxe5 14. fxe5
Qg5+ 15. Kb1 Bc5 16. Bxc5 Nxc5 17. h4 Qg3 18. Rh3 Qf2 19. Qg4 Nxd3 20. Rg3 Qf7
21. Rdxd3 Bd7 22. Nd1 Bb5 23. Rdf3 Qe7 24. Nc3 Rxf3 25. Rxf3 Bd7 26. Ne2 Rf8 27.
Nd4 Rxf3 28. Nxf3 Qc5 29. Qg5 Qf8 30. a3 h6 31. Qg4 Qc5 32. Qd4 Qa5 33. Kc1 Be8
34. g4 Bg6 35. c3 Qb5 36. c4 Qa4 37. Ne1 b5 38. Kd2 bxc4 39. h5 Bh7 40. Qc5 Qd7
41. Nf3 Qb7 42. Qb4 Qxb4+ 43. axb4 Kf7 44. Nd4 a6 45. Nc6 Be4 46. Nb8 Bf3 47.
Nxa6 Bxg4 48. b5 d4 49. b6 Bf3 50. Nc5 g5 51. b7 Bxb7 52. Nxb7 g4 53. Nd6+ Ke7
54. Nxc4 Kd7 55. Ke2 Kc6 56. Kf2 Kc5 57. Nd2 Kd5 58. Kg3 Kxe5 59. Kxg4 d3 60.
Kf3 Kd4 61. Kf4 e5+ 62. Kf3 e4+ 63. Nxe4 Kc4 64. Nd2+ Kd4 65. Kf4 Kd5 66. Ke3
Ke5 67. Kxd3 Kf5 68. b4 Ke5 69. Kc4 Kd6 70. b5 Kc7 71. Kc5 Kb7 72. b6 Kb8 73.
Kc6 Kc8 74. b7+ Kb8 75. Ne4 Ka7 76. Kc7 1-0

[Event "AUTO-MASTER-1843"]
[Site "http://www.queenalice.com/game.php?id=1164982"]
[Date "2013.3.26"]
[Round "1"]
[White "crawfb5"]
[Black "Harry28"]
[Result "1-0"]
[WhiteElo "2238"]
[BlackElo "2050"]

1. e4 Nf6 2. e5 Nd5 3. d4 d6 4. Nf3 dxe5 5. Nxe5 Nd7 6. Nf3 N7f6 7. c4 Nb6 8.
Nc3 e6 9. Be2 Bb4 10. O-O Bxc3 11. bxc3 O-O 12. Bg5 Bd7 13. Ne5 h6 14. Bxf6 Qxf6
15. c5 Ba4 16. Qd2 Nd7 17. f4 Nxe5 18. fxe5 Qg5 19. Qxg5 hxg5 20. Bf3 Rab8 21.
Rab1 b6 22. Rb4 Bd7 23. c6 a5 24. Rb2 Bc8 25. c4 Ba6 26. Rc1 f5 27. d5 g4 28.
Bd1 b5 29. cxb5 Rxb5 30. Rxb5 Bxb5 31. d6 Rc8 32. d7 Rd8 33. Rc5 Bxc6 34. Rxc6
Rxd7 35. Bb3 1-0

[Event "AUTO-MASTER-1843"]
[Site "http://www.queenalice.com/game.php?id=1164983"]
[Date "2013.3.26"]
[Round "1"]
[White "Harry28"]
[Black "crawfb5"]
[Result "1-0"]
[WhiteElo "2007"]
[BlackElo "2258"]

1. f4 d5 2. Nf3 g6 3. e3 Bg7 4. d4 Nh6 5. Bd3 O-O 6. O-O c5 7. c3 Qc7 8. Qe1 Bf5
9. Ne5 Bxd3 10. Nxd3 c4 11. Ne5 Nd7 12. Nd2 f5 13. Ndf3 Nxe5 14. Nxe5 Nf7 15.
Rf3 Nxe5 16. fxe5 e6 17. Rh3 Rf7 18. Qh4 Bf8 19. g4 fxg4 20. Qxg4 Be7 21. e4 Qc6
22. exd5 Qxd5 23. Bh6 Bf8 24. Bg5 Rc8 25. Bf6 Be7 26. Qxg6+ 1-0

[Event "OS INCLIVEIS"]
[Site "http://www.queenalice.com/game.php?id=1170454"]
[Date "2013.4.11"]
[Round "-"]
[White "adelio"]
[Black "crawfb5"]
[Result "0-1"]
[WhiteElo "1751"]
[BlackElo "2252"]

1. d4 d5 2. e4 dxe4 3. Nc3 Nf6 4. f3 exf3 5. Nxf3 g6 6. Bc4 Bg7 7. Ne5 O-O 8.
O-O Nbd7 9. Nxf7 Rxf7 10. Bg5 Nf8 11. Bxf6 Bxf6 12. Bxf7+ Kxf7 13. Ne4 Kg7 14.
Qd2 Qxd4+ 15. Qxd4 Bxd4+ 16. Kh1 Bxb2 17. Rad1 Bf6 18. h3 b6 19. c4 Ba6 20. Rc1
Rd8 21. Rf3 Bb7 22. Re3 Be5 23. Rce1 Bf4 24. R3e2 e5 25. Kg1 Rd4 26. g3 Bh6 27.
h4 Rxc4 28. Ng5 Bxg5 29. hxg5 e4 30. Kh2 Rc5 31. Kh3 Rxg5 32. Kh4 Rc5 33. g4 Ne6
34. Rxe4 Bxe4 35. Rxe4 Kf6 36. Re2 Rc4 37. a3 h5 38. Kh3 Nf4+ 39. Kg3 Nxe2+ 40.
Kf2 Nf4 41. Kf3 h4 42. Kf2 Ke5 43. Kg1 Rc2 44. a4 Ke4 45. Kf1 h3 46. a5 h2 47.
axb6 h1=Q# 0-1